000 00516nam a2200193Ia 4500
005 20250326144855.0
008 250326s9999 xx 000 0 und d
020 _a1-57851-205-0
037 _aTextbook
040 _aFMSL
_beng
_cFMSL
041 _aeng
_2eng
084 _aX:87 P1
_qFMSL
100 _aReichheld F F
_9750247
245 0 _aLoyalty rules!
_cReichheld F F
260 _aUSA
_bUSA, Harvard Business School
_c2001
300 _a213p
942 _cTB
_hX:87 P1
999 _c1305414
_d1305414